MARC

LEADER 00000nam0a2200000 4500
001 366821
005 20231102011924.0
035 |a (RuTPU)RU\TPU\retro\24184 
090 |a 366821 
100 |a 20220218d1979 m y0rusy50 ca 
101 0 |a rus 
102 |a RU 
105 |a a j 001zy 
200 1 |a Неразрушающие физические методы измерения твердости  |e учебное пособие для слушателей заочных курсов повышения квалификации  |f А. Л. Дорофеев, В. И. Рожков  |g Центральное правление научно-технического общества приборостроительной промышленности им. С. И. Вавилова ; Заочный институт повышения квалификации ИТР 
210 |a Москва  |c Машиностроение  |d 1979 
215 |a 59 с.  |c ил. 
320 |a Библиогр.: с. 57-58 
606 1 |a Материалы  |x Испытание на твердость  |2 stltpush  |3 (RuTPU)RU\TPU\subj\41275  |9 61079 
610 1 |a электроакустические импедансные методы 
610 1 |a измерение 
610 1 |a электромагнитные неразрушающие методы 
610 1 |a цветные металлы 
610 1 |a алюминиевые сплавы 
610 1 |a термическая обработка 
610 1 |a качество 
610 1 |a ферромагнитные материалы 
610 1 |a электромагнитный контроль 
610 1 |a метод высших гармоник 
610 1 |a метод магнитных шумов 
610 1 |a учебные пособия 
675 |a 620.178.1(075.9)  |v 4 
700 1 |a Дорофеев  |b А. Л.  |g Александр Леонтьевич 
701 1 |a Рожков  |b В. И.  |g Валерий Иванович 
712 0 2 |a Центральное правление научно-технического общества приборостроительной промышленности им. С. И. Вавилова  |2 stltpush  |3 (RuTPU)RU\TPU\col\13488  |9 25691 
712 0 2 |a Заочный институт повышения квалификации ИТР  |2 stltpush  |3 (RuTPU)RU\TPU\col\13573  |9 25712 
801 1 |a RU  |b 63413507  |c 20220216 
801 2 |a RU  |b 63413507  |c 20220218  |g RCR 
942 |c BK